Ładuje się......

Scottish wonder tales from myth and legend /

Opis bibliograficzny
1. autor: Mackenzie, Donald A.
Format: Printed Book
Język:English
Wydane: Mineola, N.Y. : Dover Publications, 1997.
Wydanie:Dover ed.
Hasła przedmiotowe:
Dostęp online:http://www.loc.gov/catdir/description/dover031/96042204.html
LEADER 01213cam a2200265 a 4500
008 960814r19971917nyua 000 0 eng
010 |a  96042204  
020 |a 0486296776(pbk.)  |c DLR 
043 |a e-uk-st 
082 0 0 |a 398.209411  |2 20 
100 1 |a Mackenzie, Donald A. 
245 1 0 |a Scottish wonder tales from myth and legend /  |c by Donald A. Mackenzie ; with illustrations by John Duncan. 
250 |a Dover ed. 
260 |a Mineola, N.Y. :  |b Dover Publications,  |c 1997. 
300 |a 224 p. :  |b ill. ;  |c 23 cm. 
500 |a Unabridged republication of: Wonder tales from Scottish myth & legend. New York : Frederick A. Stokes Co., 1917. 
650 0 |a Tales  |z Scotland. 
650 0 |a Legends  |z Scotland. 
856 4 2 |u http://www.loc.gov/catdir/description/dover031/96042204.html 
942 |c BK 
240 1 0 |a Wonder tales from Scottish myth & legend 
906 |a 7  |b cbc  |c orignew  |d 1  |e ocip  |f 19  |g y-gencatlg 
955 |a pb04 to sa00 08-14-96; sf02 08-14-96; sf12/subj. 08-15-96; sf04 08-15-96; CIP ver. pv03 07-02-98 
999 |c 287236  |d 287236 
952 |0 0  |1 0  |4 0  |6 398_209411000000000_MAC_S  |7 0  |9 326053  |a FLK  |b FLK  |c ST1  |d 2017-01-03  |e BK  |g 9.95  |i 2422  |l 1  |o 398.209411 MAC/S  |p FLK2422  |r 2018-10-12  |s 2018-09-18  |w 2017-01-03  |y BK